00674nam a22001697a 4500020000800000040001600008082001300024100003300037245008300070250003800153260003700191300004700228942001200275999001900287952009900306952009900405 qPB. cFIZZA ISHAQ a332bMIS a Mishkin, Frederic S.929242 aThe Economics of Money, Banking and Financial Markets /cFrederic S. Mishkin . aCUSTOM EDITION FOR UMUC ECON 430. aNEW YORK:b ‎ Pearson ,c2010. a664 P. ; G -1; I -32 INDEX INCc25 X 21 cm 2ddccBK c615401d615401 00102ddc4070aNQCbNQCcTEXTd2025-11-26l0o332 MISpQD-213r2025-11-26t1w2025-11-26yBK 00102ddc4070aNQCbNQCcTEXTd2025-11-26l0o332 MISpQD-254r2025-11-26t2w2025-11-26yBK